书目信息 |
| 题名: |
校园歌曲荟萃
|
|
| 作者: | 蒋振声 编著 | |
| 分册: | ||
| 出版信息: | 北京 光明日报出版社 1996 |
|
| 页数: | 122页 | |
| 开本: | 19cm | |
| 丛书名: | ||
| 单 册: | ||
| 中图分类: | J642.1 | |
| 科图分类: | ||
| 主题词: | 音乐--作品--中国 | |
| 电子资源: | ||
| ISBN: | 7-80091-754-1 | |
| 000 | 00609nam0 2200229 45 | |
| 001 | 0197001759 | |
| 005 | 20040513084144.5 | |
| 010 | @a7-80091-754-1@dCNY4.50 | |
| 100 | @a19970110d1996 am y0chiy0120 ea | |
| 101 | 0 | @achi |
| 102 | @aCN@b110000 | |
| 105 | @ag z 000yy | |
| 106 | @ar | |
| 200 | 10 | @a校园歌曲荟萃@Axiao yuan ge qu hui cui@f蒋振声编著 |
| 210 | @a北京@c光明日报出版社@d1996 | |
| 215 | @a122页@d19cm | |
| 300 | @a供中小学选用 | |
| 606 | 0 | @a音乐@x作品@x中国 |
| 690 | @aJ642.1@v3 | |
| 701 | 0 | @a蒋振声@Ajiang zhen sheng@4编著 |
| 801 | 0 | @aCN@bNLC@c19970226 |
| 905 | @dJ642.1@e10@f1@b274225 | |
| 校园歌曲荟萃/蒋振声编著.-北京:光明日报出版社,1996 |
| 122页;19cm |
| 供中小学选用 |
| ISBN 7-80091-754-1:CNY4.50 |
| ● |
| 相关链接 |
|
|
|
|
正题名:校园歌曲荟萃
索取号:J642.1/10
 
预约/预借
| 序号 | 登录号 | 条形码 | 馆藏地/架位号 | 状态 | 备注 |
| 1 | 0274224 | 001237414 | 密集书库/ [索取号:J642.1/10] | 在馆 | |
| 2 | 0274225 | 001237487 | 密集书库/ [索取号:J642.1/10] | 在馆 | |
| 3 | 0274226 | 001237432 | 第一借阅区/ [索取号:J642.1/10] | 在馆 | |
| 4 | 0274227 | 001237423 | 密集书库/ [索取号:J642.1/10] | 在馆 |